LEADER 01858nam2 22002891i 450 001 RML0279123 005 20231121125729.0 100 $a20121121d1981 ||||0itac50 ba 101 | $alat 102 $abe 181 1$6z01$ai $bxxxe 182 1$6z01$an 200 1 $a˜213: œSicardi Cremonensis episcopi Mitrale, sive de officiis ecclesiasticis summa ... accedunt ejusdem Sicardi Chronicon ... Petri Sarnensis Historia Albigensium volumen claudunt anonymi saeculi 12 210 $aTurnhout $cBrepols $d1981 215 $a1052 col.$d29 cm 300 $aIn testa al front.: Saeculum 13.. -Rist. anast. dell'ed.: Migne : Parisiis, 1855 461 1$1001PUV0698208$12001 $aPatrologiae cursus completus, seu bibliotheca universalis, integra, uniformis, commoda, oeconomica, omnium SS. Patrum, doctorum scriptorumque ecclesiasticorum, sive latinorum, qui ab aevo apostolico ad tempora Innocentii 3. (anno 1216) pro Latinis et Concilii Florentini (ann. 1439) pro Graecis floruerunt: Recusio chronologica [...]. Series latina, in qua prodeunt patres, doctores scriptoresque ecclesiae latinae a Tertulliano ad Innocentim 3.$faccurante J. P. Migne 700 1$aSicardus$b, Cremonensis$3RMLV174640$0452659 701 1$aPetrus$b, Vallis-Cernaii$3RMLV179920$01444870 801 3$aIT$bIT-01$c20121121 850 $aIT-FR0017 899 $aBiblioteca umanistica Giorgio Aprea$bFR0017 912 $aRML0279123 950 2$aBiblioteca umanistica Giorgio Aprea$d 52CIS P.L.213$e 52VM 0000489215 VM barcode:00028510. - Inventario:18546 MAGVM$fB $h20041020$i20121204 977 $a 52 996 $aSicardi Cremonensis episcopi Mitrale, sive de officiis ecclesiasticis summa ... accedunt ejusdem Sicardi Chronicon ... Petri Sarnensis Historia Albigensium volumen claudunt anonymi saeculi 12$93626387 997 $aUNICAS LEADER 01249nam0 22002771i 450 001 RML0290513 005 20231121125735.0 100 $a20121121d1943 ||||0itac50 ba 101 | $aita 102 $ait 181 1$6z01$ai $bxxxe 182 1$6z01$an 200 1 $aDella educazione$elibro uno$fRaffaello Lambruschini$gIntroduzione, bibliografica e note di Ernesto Codignola 210 $aFirenze $cLa Nuova Italia $d©1943 215 $aXXXVIII,319 p.$d20 cm 225 | $aEducatori antichi e moderni$c- Firenze $eLa Nuova Italia $v49 410 0$1001RML0330013$12001 $aEducatori antichi e moderni$c- Firenze $eLa Nuova Italia $v49 700 1$aLambruschini$b, Raffaello$3RMLV177257$0161988 801 3$aIT$bIT-01$c20121121 850 $aIT-FR0017 899 $aBiblioteca umanistica Giorgio Aprea$bFR0017 912 $aRML0290513 950 0$aBiblioteca umanistica Giorgio Aprea$d 52CIS 1/2516*$e 52VM 0000599625 VM barcode:00066027. - Inventario:2177 FSSVM$fA $h20080515$i20121204$d 52CIS 1/2516$e 52VM 0000599615 VM barcode:00059063. - Inventario:2507 MAGVM$fA $h20060309$i20121204 977 $a 52 996 $aDella educazione$9203832 997 $aUNICAS